Laboratórium odboru analytická chémia Návody na laboratórne cvičenie 3 ; Ján Mocák, Zdenek, Hladký, Ján Krupčík, Jozef Lehotay, Otokar Liška, Eva Matisová, Jozef Polonský, Mojmír Traiter, Ján Leško
Gespeichert in:
| Hauptverfasser: | , , , , , , , , |
|---|---|
| Format: | Buch |
| Sprache: | Slowakisch |
| Veröffentlicht: |
Bratislava
Slovenská vysoká škola technická
1985
|
| Ausgabe: | 1. vyd. |
| Schlagworte: | |
| Online-Zugang: | Im OPAC anzeigen |
| Tags: |
Keine Tags, Fügen Sie das erste Tag hinzu!
|
MARC
| LEADER | 00000nam a2200000 a 4500 | ||
|---|---|---|---|
| 005 | 20260127134215.0 | ||
| 008 | 180814s1985 xo 0 slo c | ||
| 015 | |a SNBA1985/08 | ||
| 020 | |c 12 Kčs. (110 výtl.) | ||
| 035 | |a vtls001095130 | ||
| 035 | |a SNK000037972 | ||
| 039 | 9 | |a 201808141702 |b VLOAD |c 201808141702 |d VLOAD |c 201801300712 |d VLOAD |c 201608301350 |d VLOAD |y 200412241147 |z VLOAD | |
| 040 | |a SNK |b slo |c SNK |d STUSCHK1 |e AACR2 | ||
| 041 | 0 | |a slo | |
| 044 | |a xo |c SK | ||
| 080 | |a 543(075.8)(076.5) |2 1. stred. slo | ||
| 245 | 1 | |a Laboratórium odboru analytická chémia |b Návody na laboratórne cvičenie 3 ; Ján Mocák, Zdenek, Hladký, Ján Krupčík, Jozef Lehotay, Otokar Liška, Eva Matisová, Jozef Polonský, Mojmír Traiter, Ján Leško | |
| 250 | |a 1. vyd. | ||
| 260 | |a Bratislava |b Slovenská vysoká škola technická |c 1985 |e Bratislava |f Edičné stredisko SVŠT | ||
| 300 | |a 229 s., 15,681 AH |b Tb. |c 29 cm | ||
| 500 | |a Schválil rektor SVŠT v Bratislave ako skriptá. Rozmn. | ||
| 650 | 0 | 7 | |a [BK] |2 SNK |
| 650 | 0 | 7 | |a RM |2 SNK |
| 650 | 0 | 7 | |a UV |2 SNK |
| 700 | 1 | |a Mocák, Ján, |d 1940- |4 aut |9 256 | |
| 700 | 1 | |a Hladký, Zdenek, |4 aut |9 416 | |
| 700 | 1 | |a Krupčík, Ján, |d 1938- |4 aut |9 255 | |
| 700 | 1 | |a Lehotay, Jozef, |d 1943- |4 aut |9 1123 | |
| 700 | 1 | |a Liška, Otokar |4 aut | |
| 700 | 1 | |a Matisová, Eva, |d 1942- |4 aut |9 357 | |
| 700 | 1 | |a Polonský, Jozef |4 aut | |
| 700 | 1 | |a Traiter, Mojmír |4 aut | |
| 700 | 1 | |a Leško, Ján |4 aut | |
| 910 | |a SCHK95 | ||
| 954 | |a chémia analytická |x cičenia praktické |x učebnice VŠ | ||
| 958 | |a OND | ||
| 999 | |c 6674 |d 6674 | ||